| Tag |
First Indicator |
Second Indicator |
Subfields |
| LEADER |
00000cam a2200000 4500 |
| 001 |
in00000012616 |
| 005 |
20151007051851.0 |
| 008 |
740318s1958 miu b 00000 eng |
| 010 |
|
|
|a 58002457
|
| 035 |
|
|
|a (OCoLC)00832863
|
| 035 |
|
|
|9 AAA5190AM
|
| 040 |
|
|
|a DLC
|c WSU
|d OCL
|d SER
|d TXA
|d UtOrBLW
|
| 041 |
1 |
|
|a eng
|h und
|
| 049 |
|
|
|a TXAM
|c [A11482173]
|
| 050 |
0 |
0 |
|a BS2095
|b .S45
|
| 082 |
0 |
|
|a 225.52
|
| 130 |
0 |
|
|a Bible.
|p New Testament.
|l English.
|f 1958.
|s Siewert.
|
| 245 |
1 |
0 |
|a Amplified New Testament.
|
| 250 |
|
|
|a 23rd ed.
|
| 264 |
|
1 |
|a Grand Rapids :
|b Zondervan Pub. House,
|c [1958]
|
| 264 |
|
4 |
|c [©1958]
|
| 300 |
|
|
|a 989 pages, 19 unnumbered pages ;
|c 18 cm.
|
| 336 |
|
|
|a text
|b txt
|2 rdacontent
|
| 337 |
|
|
|a unmediated
|b n
|2 rdamedia
|
| 338 |
|
|
|a volume
|b nc
|2 rdacarrier
|
| 500 |
|
|
|a Translation by Frances E. Seewert.
|
| 500 |
|
|
|a Pages [997]-[1008] blank for "Notes."
|
| 504 |
|
|
|a Bibliography: pages [991]-[994].
|
| 700 |
1 |
|
|a Siewert, Frances E.
|
| 999 |
|
|
|a MARS
|
| 999 |
f |
f |
|s a8e0c47f-6a66-3cdf-97dd-90712e647f38
|i 3fe6f6b1-c04f-3630-ae61-a972a705d6c2
|t 0
|
| 952 |
f |
f |
|p ric
|a Texas A&M University
|b Rellis Campus
|c Joint Library Facility
|d Remote Storage
|t 0
|e BS2095 .S45
|h Library of Congress classification
|i unmediated -- volume
|m A14811482173
|
| 998 |
f |
f |
|a BS2095 .S45
|t 0
|l Remote Storage
|